00290nam a2200097Ia 4500008004100000082001800041100002100059245006300080260003200143300001700175230907s9999||||xx |||||||||||||| ||und|| a616.07575,GUP aGupta, K. Tapan. 0aRadiation, ionization, and detection in nuclear medicine / aSpringer,bNew York :c2013 axvi, 516 p.: